| 000 | 00715nam a2200205 a 4500 | ||
|---|---|---|---|
| 003 | 0 | ||
| 005 | 20250306151137.0 | ||
| 008 | 101112s19uu xx 00 eng d | ||
| 050 |
_aPHS HQ 1075 _b.K49 2010 |
||
| 100 | _aKim, Hae In. | ||
| 245 |
_aGender difference and cosmetic surgery / _cKim Hae In. |
||
| 260 |
_aLas PiƱas City, Philippines : _bSouthville International School and Colleges, _c2010. |
||
| 300 |
_a31 pages : _billustrations ; _c30 cm. |
||
| 504 | _aIncludes bibliographical references. | ||
| 650 | _aGender differences. | ||
| 650 |
_aCosmetic surgery _xPsychological aspects. |
||
| 650 |
_aPlastic surgery _xSocial aspects. |
||
| 650 |
_aBeauty standards _xCultural aspects. |
||
| 942 |
_2lcc _cPASS |
||
| 999 |
_c98472 _d98472 |
||